[Event "IMSA Basque 2016"]
[Site "Huai'an CHN"]
[Date "2016.03.03"]
[Round "5.14"]
[White "Wang, Hao"]
[Black "Movsesian, Sergei"]
[Result "1-0"]
[WhiteTitle "GM"]
[BlackTitle "GM"]
[WhiteElo "2717"]
[BlackElo "2653"]
[WhiteFideId "8602883"]
[BlackFideId "310204"]
[EventDate "2016.03.02"]

1. d4 Nf6 2. c4 d6 3. Nc3 Nbd7 4. g3 e5 5. Nf3 c6 6. Bg2 g6 7. O-O Bg7 8. b3 O-O
9. Bb2 Re8 10. d5 e4 11. dxc6 bxc6 12. Nd4 Bb7 13. Nc2 d5 14. Ne3 Ne5 15. cxd5
cxd5 16. Na4 Rc8 17. Bh3 Rc7 18. Qd2 Qd6 19. Rfd1 Rd8 20. Rac1 Rxc1 21. Qxc1 Ba6
22. Qa1 Re8 23. Bf1 h5 24. Nc5 Bc8 25. b4 h4 26. Bg2 Bf5 27. a3 Kh7 28. Bxe5
Qxe5 29. Qxe5 Rxe5 30. Nxf5 gxf5 31. e3 Re7 32. Nb3 hxg3 33. hxg3 Kg6 34. Nd4
Rc7 35. Bh3 Ng4 36. Bxg4 fxg4 37. Ne2 Bb2 38. Nf4+ Kg7 39. Nxd5 Rc4 40. a4 Ba3
41. Rb1 Kg6 42. a5 Kf5 43. b5 Rc5 44. Ne7+ Kf6 45. Nc6 a6 46. bxa6 1-0

[Event "IMSA Basque 2016"]
[Site "Huai'an CHN"]
[Date "2016.03.03"]
[Round "5.15"]
[White "Dominguez Perez, Leinier"]
[Black "Mamedov, Rauf"]
[Result "1-0"]
[WhiteTitle "GM"]
[BlackTitle "GM"]
[WhiteElo "2732"]
[BlackElo "2650"]
[WhiteFideId "3503240"]
[BlackFideId "13401653"]
[EventDate "2016.03.02"]

1. d4 d5 2. Nf3 Nf6 3. c4 c6 4. e3 Bf5 5. Nc3 a6 6. Qb3 Ra7 7. a4 e6 8. Nh4 Bg6
9. Nxg6 hxg6 10. a5 Nbd7 11. g3 Ng4 12. h3 Qf6 13. Qc2 Qf5 14. e4 Qf3 15. Rg1
Nh2 16. Bg2 Qf6 17. Qe2 dxe4 18. Qxe4 Bb4 19. Be3 Ra8 20. Rh1 Nc5 21. dxc5 Bxc3+
22. bxc3 Qxc3+ 23. Ke2 Qb2+ 24. Bd2 Rd8 25. Qe3 O-O 26. Rad1 Qa2 27. Qc3 Rd7 28.
Ra1 Rxd2+ 29. Qxd2 Qxc4+ 30. Qd3 Qxc5 31. Rab1 Qxa5 32. Rxh2 Rd8 33. Qc2 Qe5+
34. Kf1 b5 35. Rh1 c5 36. Bf3 c4 37. Kg2 Rd3 38. Rhd1 Rc3 39. Qe2 Qf6 40. Rbc1
Ra3 41. h4 a5 42. h5 gxh5 43. Bxh5 g6 44. Bf3 Kg7 45. Qe4 Rb3 46. Qa8 a4 47. Rh1 1-0

[Event "IMSA Basque 2016"]
[Site "Huai'an CHN"]
[Date "2016.03.03"]
[Round "5.16"]
[White "Mamedov, Rauf"]
[Black "Dominguez Perez, Leinier"]
[Result "1/2-1/2"]
[WhiteTitle "GM"]
[BlackTitle "GM"]
[WhiteElo "2650"]
[BlackElo "2732"]
[WhiteFideId "13401653"]
[BlackFideId "3503240"]
[EventDate "2016.03.02"]

1. e4 c5 2. Nf3 d6 3. Nc3 Nf6 4. e5 dxe5 5. Nxe5 a6 6. a4 Qc7 7. Nc4 Nc6 8. d3
g6 9. g3 Nd4 10. Bg2 Bg4 11. Bf4 Qxf4 12. gxf4 Bxd1 13. Kxd1 Rb8 14. a5 e6 15.
Re1 Be7 16. Ne2 Nb5 17. Ng3 Kf8 18. c3 h5 19. Ne5 Kg7 20. Kc2 Rhd8 21. Bf3 h4
22. Ne2 Nd7 23. Nc4 Nf6 24. Ne5 Nd7 25. Nc1 Nd6 26. Nb3 Nxe5 27. fxe5 c4 28.
dxc4 Nxc4 29. Ra4 Rdc8 30. Re4 b5 31. axb6 Nxb6 32. Rxa6 Nd5 33. Ra7 Nb4+ 34.
Rxb4 Bxb4 35. Nd4 Rb6 36. Ra4 Be7 37. Bg4 g5 38. h3 Rc5 39. Ra7 Kf8 40. Ra8+ Kg7
41. Nf3 Rb7 42. Ra4 Rbc7 43. Re4 Ra5 44. Nd4 Ra1 45. Bxe6 Rf1 46. f3 Rf2+ 47.
Kd3 Rxb2 48. Bg4 Kf8 49. e6 Bf6 50. exf7 Bxd4 51. cxd4 Rb3+ 52. Kd2 Rb2+ 53. Kd3
Rb3+ 54. Kd2 Rxf7 55. Be6 Rb2+ 56. Kc3 Rfb7 57. Re5 R2b5 58. Bd5 Rc7+ 59. Kd3
Rg7 60. Kc4 Ra5 61. Kb4 Ra1 62. Be6 Rc7 63. Rf5+ Kg7 64. Rb5 Kf6 65. Bb3 Rf1 66.
Rb6+ Kf5 67. Rb8 Kf4 68. d5 Kg3 69. d6 Rd7 70. Kc5 Rc1+ 71. Kd5 Rc3 72. Ke6 Ra7
73. Bd5 Rd3 74. Rg8 Kf4 75. Rf8+ Kg3 76. Rf5 Kxh3 77. Rxg5 Re3+ 78. Be4 Rb3 79.
d7 Rb8 80. f4 Ra4 81. Bf5+ Kh2 82. Rg4 h3 83. Rh4 Kg2 84. Rxh3 Rxf4 85. Rd3 Rd8
86. Ke7 Rxd7+ 87. Bxd7 Kf2 88. Bc6 Ke2 89. Ra3 Kd2 90. Kd6 Rf6+ 91. Kc5 Rf5+ 92.
Bd5 Rf4 93. Rh3 Rg4 94. Bc4 Rf4 95. Kb4 Rf2 96. Rd3+ Ke2 97. Rg3+ Kd2 98. Kb3
Rf8 99. Rd3+ Ke1 100. Kc3 Kf2 101. Kd2 Rf3 102. Rxf3+ 1/2-1/2